La psicología de la sociedad integral
Uloženo v:
| Hlavní autoři: | , |
|---|---|
| Médium: | Kniha |
| Jazyk: | španělština |
| Vydáno: |
Toronto
ARI Publishers
2012
|
| Vydání: | 1a. ed |
| Témata: | |
| Tagy: |
Přidat tag
Žádné tagy, Buďte první, kdo vytvoří štítek k tomuto záznamu!
|
MARC
| LEADER | 00000cam a2200000 a 4500 | ||
|---|---|---|---|
| 001 | UCE8543 | ||
| 003 | CL-VaPUC | ||
| 008 | 150813e20120000cn |||||||||||||||||spa|d | ||
| 020 | |a 9781897448762 | ||
| 082 | 0 | 4 | |a 152.41 |b LAI |2 21 |
| 100 | |a Laitman, Michael |e author |9 581292 | ||
| 700 | 0 | |a Ulianov, Anatoly |e author |9 581257 | |
| 245 | 1 | 3 | |a La psicología de la sociedad integral |
| 250 | |a 1a. ed | ||
| 300 | |a 325 p | ||
| 942 | |c BK | ||
| 945 | |d 20150813 15:56:00 |a dcastane | ||
| 260 | |a Toronto |b ARI Publishers |c 2012 | ||
| 650 | 0 | |a Conducta humana |9 269906 | |
| 650 | 0 | |a Psicología social |9 222894 | |
| 650 | 0 | |a Naturaleza humana |9 308593 | |
| 583 | |a last modification |c 20150813 15:56:00 |k Rodrigo Vera | ||
| 999 | |c 360371 |d 360369 | ||
| 952 | |0 0 |1 0 |3 erb |4 0 |6 152_410000000000000_LAI_2012 |7 0 |8 A |9 470118 |a BIBAGR |b BIBAGR |i 5194059 |l 1 |o 152.41 LAI 2012 |p 5194059 |r 2025-01-20 |s 2024-04-04 |w 2019-11-23 |y BK |z Catalogado en:20150813 |k AGR | ||